000 00641nam a2200193Ii 4500
003 JO-AjNU
008 230605s9999||||xx |||||||||||||| ||und||
040 _aJO-AjNU
_bara
_erda
_cJO-AjNU
041 _aara
050 1 4 _aPJ7828.F5.Z88 1933
100 3 _aتأليف حسين،طه,
_eauthor
_910224
245 0 0 _aحافظ وشوقي
264 3 1 _aبيروت:الخانجي وحمدان،1933
300 _a199ص
336 _atext
_btxt
_2rdacontent
337 _aunmediated
_bn
_2rdamedia
338 _avolume
_bnc
_2rdacarrier
650 4 _aالشعر العربي - الشعراء المصريون - تراجم - تاريخ ونقد
_910225
999 _aA1698
_c5266
_d5266